| 000 | 00509nam a22001817a 4500 | ||
|---|---|---|---|
| 003 | OSt | ||
| 005 | 20220107122849.0 | ||
| 008 | 190530b xxu||||| |||| 00| 0 eng d | ||
| 020 | _a9781433805592 | ||
| 040 | _cIIITMK | ||
| 082 | _a808.06 PUB | ||
| 100 |
_aAmerican Psychological Association _915567 |
||
| 245 | _aPublication manual of the American Psychological Association | ||
| 250 | _a6 | ||
| 260 |
_aWashington, _bAmerican Psychological Association, _c2015. |
||
| 300 | _axviii, 272p. | ||
| 942 |
_2ddc _cBK |
||
| 999 |
_c6438 _d6438 |
||